000 01441nam0a2200325 4500
001 RU\NLR\BIBL_A\022743151
005 20260420063548.0
010 _a978-5-298-04889-7
_91700
021 _aRU
_bКН-П-25-078400
_9КН-П-25-7578
035 _a(NLR Aleph) 022743151
090 _a13688500
_c13688500
100 _a20260304d2025 e y0rusy50 ca
101 0 _atat
102 _aRU
105 _aa z 000 y
181 0 _ai
_baxxe
182 0 _an
200 1 _aБез андый малай түгел
_eүсмерләр өчен повесть
_fАйгөл Әхмәтгалиева
_g[рәссамы Булат Гыйльванов]
203 _aТекст
_bвизуальный
_cнепосредственный
210 _aКазан
_cТатар. кит. нәшр.
_d2025
215 _a92,[1] б.
_cцв. ил.
_d22
300 _aВ вып. дан. авт.: Ахметгалиева (Муллагалиева) Айгуль Габдулловна.
541 1 _6z01790
_aМы не такие
_e[повесть для подростков].
_zrus
686 1 _aШ9(2)6=Татар-4
700 1 _4070
_7ca
_8tat
_aӘхмәтгалиева
_bА. Г. кызы
_f1973-
_gАйгөл Габдулла кызы
_9131297
_3RU\NLR\auth-onl\771242
702 1 _aГыйльванов
_bБ.
_gБулат
_4440
790 1 _6z01541
_aАхметгалиева
_bА. Г.
_gАйгуль Габдулловна
_4070
942 _cBOOK
980 _aNB